[Event "7th Washington Open 2018"]
[Site "Rockville"]
[Date "2018.08.11"]
[Round "1.1"]
[White "Sevian, Samuel"]
[Black "Hong, Andrew Z"]
[Result "1-0"]
[WhiteElo "2645"]
[BlackElo "2377"]
[Annotator "TA"]
[PlyCount "83"]
[EventDate "2018.08.11"]
[EventType "swiss"]
[EventCountry "USA"]
[SourceTitle "playchess.com"]
[Source "ChessBase"]
[SourceQuality "1"]

{[%evp 20,83,31,25,44,29,42,42,50,51,46,45,47,33,39,32,41,47,38,7,13,16,49,29,31,6,41,36,47,27,38,20,19,21,41,28,16,22,16,15,16,16,25,25,22,23,41,20,20,33,50,58,43,82,83,74,74,59,63,63,63,70,642,614,29996,165]} 1. c4 e6 2. Nf3 d5 3. e3 Nf6 4. Nc3 c6 5. b3 Bd6 6. Bb2 O-O 7. d4 Nbd7 8. Bd3 e5 9. cxd5 cxd5 10. dxe5 {D46: Semi-Slav: 5 e3 Nbd7 6 Bd3, Black avoids the Meran} Nxe5 11. h3 {LiveBook: 5 Games} Nxf3+ 12. Qxf3 {White is slightly better.} Be5 $146 ({Predecessor:} 12... Qa5 13. O-O Be5 14. Rfc1 Be6 15. Qe2 a6 16. Na4 Bxb2 17. Qxb2 Rac8 {1-0 (30) Bocharov,D (2594)-Girya,O (2482) Serpukhov 2018}) 13. O-O Be6 14. Qe2 Rc8 15. Nb5 Bb8 16. Rfd1 Re8 17. Qf3 Ne4 18. Qh5 {[#] Strongly threatening Bxe4.} Qe7 19. f3 Nf6 $1 {[%cal Rf6h5]} 20. Qh4 h6 21. Bd4 a6 22. Nc3 Bc7 23. Rac1 Bd8 24. Qf2 (24. Qg3 {seems wilder.} Ba5 25. f4 Rc6 26. f5 Bxc3 27. Bxc3 Bd7 28. Bd4) 24... Qd6 25. Ne2 Rxc1 26. Rxc1 Nd7 27. f4 {And now f5 would win.} Nf6 28. Qg3 Bd7 29. Be5 Qb4 {With the idea ...Qd2.} 30. Rc2 Bb5 31. Bxb5 Qxb5 32. Kh2 Qd7 33. Nc3 Qf5 34. Rc1 Rxe5 35. fxe5 Bc7 36. Kg1 Bxe5 37. Qf3 Qd3 38. Ne2 $36 {[%mdl 2048] White is pushing.} g6 39. Nf4 Qd2 $1 {[%cal Rd2c1]} 40. Rf1 d4 $2 {[%mdl 8192] [#]} (40... Kg7 $14) 41. Nd5 $1 $18 Nxd5 42. Qxf7+ {Precision: White = 64%, Black = 44%.} ({And not} 42. Qxd5 Qxe3+ 43. Kh1 Bf4 $11) 1-0

[Event "7th Washington Open 2018"]
[Site "Rockville"]
[Date "2018.08.11"]
[Round "1.2"]
[White "Mulyar, Michael A"]
[Black "Baryshpolets, Andrey"]
[Result "0-1"]
[WhiteElo "2374"]
[BlackElo "2609"]
[Annotator "TA"]
[PlyCount "186"]
[EventDate "2018.08.11"]
[EventType "swiss"]
[EventCountry "USA"]
[SourceTitle "playchess.com"]
[Source "ChessBase"]
[SourceQuality "1"]

{[%evp 26,186,0,-7,0,0,6,0,27,18,16,0,6,-14,-13,-12,6,-26,0,0,0,0,0,0,0,-14,-15,-14,0,-11,-10,-15,-13,-19,-17,-33,-15,-20,-21,-22,-10,-10,0,0,0,0,0,0,0,0,0,0,0,0,0,-4,-5,-5,0,0,0,0,0,0,0,0,0,0,0,0,0,0,0,0,0,0,0,0,0,0,0,0,0,0,0,0,0,0,0,0,0,0,0,0,0,-4,-1,-8,-8,-25,-17,-17,-17,-24,-17,-26,-86,-102,-99,-40,-109,-46,-54,-51,-52,-58,-106,-105,-105,-116,-108,-116,-94,-293,-301,-288,-281,-281,-281,-281,-281,-281,-90,-90,0,-281,-281,-281,-273,-285,-252,-273,-233,-29974,-29975,-29975,-29976,-29979,-29980,-29980,-29979,-29976,0,-29980,-29976,-29975,-29975,-29976,-29971,-29972,-29970,-29955,-29959]} 1. d4 d5 2. c4 e6 3. Nc3 Be7 4. Nf3 Nf6 5. Bg5 h6 6. Bh4 O-O 7. e3 b6 8. Bd3 Bb7 9. O-O Nbd7 10. Qe2 c5 11. Rfd1 Ne4 12. Bg3 Nxg3 13. hxg3 cxd4 14. Nxd4 {LiveBook: 22 Partien} Bb4 {D58: Damengambit (Tartakower-Variante)} (14... Nf6 15. Rac1 Rc8 16. cxd5 Nxd5 17. Bc4 Bf6 18. Bxd5 Bxd5 19. Ndb5 Qe7 20. Nxd5 exd5 21. Qd2 Qd7 22. Nc3 Bxc3 23. Rxc3 Rxc3 24. Qxc3 {½-½ (40) Gonzalez Zamora,J (2552)-Onischuk,A (2684) Toluca 2009}) 15. cxd5 Bxc3 $1 16. bxc3 exd5 {Die Stellung ist ausgeglichen.} 17. Rac1 Nc5 $146 ({Vorgänger:} 17... Ne5 18. Bc2 Rc8 19. Bb3 Rc5 20. e4 Re8 21. f4 Nc4 22. e5 {1-0 (49) Idema,A-Schroeder,M Netherland 2000}) 18. Bb1 Qf6 19. c4 dxc4 20. Qxc4 Rac8 21. Qb4 Rfd8 22. Nf5 Rxd1+ 23. Rxd1 Rd8 24. Rd4 Bc8 25. Rxd8+ Qxd8 26. Nd4 Bb7 27. f3 h5 28. Bc2 g6 29. Nb3 Ne6 30. Nd4 Bd5 31. Nxe6 Bxe6 32. Bb3 $1 Qd3 33. e4 Qe3+ 34. Kh2 a5 35. Qb5 Bxb3 36. axb3 $11 {[%mdl 4096] Endspiel KD-KD} Kf8 37. Qd5 Qc5 38. Qd8+ Kg7 39. e5 Qc6 40. f4 Qe6 41. Qd3 Qe7 42. Qd4 Qc5 43. Qd8 {Und weiter mit Df6+ wäre nett.} Qe3 44. Qf6+ Kg8 45. Qd8+ Kh7 46. Qd5 Kg7 47. Qc4 Qc5 48. Qe4 Kf8 49. f5 gxf5 50. Qxf5 Qd5 51. Qxh5 b5 52. Qh6+ Ke7 53. Qf6+ Ke8 54. Qh8+ Kd7 55. Qb8 Ke6 56. Qb6+ Kxe5 57. Qxa5 Qxb3 58. Qc7+ Kd4 59. Qb6+ Kd3 60. Qa6 Qd5 {Mit der Idee ...Dc4.} 61. Qa3+ Kc2 {Schwarz will ...Dc4 spielen.} 62. Qa5 Qh5+ 63. Kg1 Qc5+ 64. Kh2 Qc4 65. Qa6 Kb3 66. Qa1 b4 67. Qb1+ ({Lieber} 67. Qf6 $17) 67... Ka4 $15 68. Qa1+ Kb5 {Droht stark ...b3.} 69. Qe5+ Kc6 {Weiss muss nun ...b3 beachten.} 70. Qe8+ Kd6 71. Qd8+ Ke6 72. Qe8+ Kf5 73. Qd7+ Kg6 74. g4 $2 (74. Qd6+ $17 f6 75. Qb8) 74... Qf4+ $1 $19 75. Kh3 Qh6+ 76. Kg3 Qe3+ 77. Kh2 Qe5+ 78. Kg1 Qe1+ $2 (78... Kg7 $1 $19 79. Qd3 Qc3) 79. Kh2 $17 Qe5+ $2 (79... Qh4+ $17 80. Kg1 Qe1+ 81. Kh2 Qe5+ 82. Kh1 Kg7) 80. Kg1 $1 $19 {[#]} Kg7 $1 {zielt auf ...b3 ab.} 81. Qd3 {[#]} Qc3 $1 {[%cal Rc3d3]} 82. Qf5 Qe3+ 83. Kh2 b3 {[%cal Bb4b3,Bb3b2][%mdl 32]} 84. g5 $2 (84. Qb5 $19) 84... Qd4 85. Kh3 b2 86. g3 Qb6 87. Qb1 Qf2 88. Qd3 Qb6 89. Qb1 Qb3 {Schwarz setzt Matt.} 90. Kh2 Kf8 91. Kh3 Qb6 92. Kh2 Qb8 93. g6 fxg6 {Precision: Weiß = 61%, Schwarz = 63%.} 0-1

[Event "7th Washington Open 2018"]
[Site "Rockville"]
[Date "2018.08.11"]
[Round "1.3"]
[White "Stukopin, Andrey"]
[Black "Colas, Joshua"]
[Result "1-0"]
[WhiteElo "2598"]
[BlackElo "2362"]
[Annotator "TA"]
[PlyCount "119"]
[EventDate "2018.08.11"]
[EventType "swiss"]
[EventCountry "USA"]
[SourceTitle "playchess.com"]
[Source "ChessBase"]
[SourceQuality "1"]

{[%evp 32,119,21,-11,0,0,54,47,57,72,105,106,105,130,100,135,105,0,150,150,157,139,148,156,131,133,132,151,132,145,164,166,214,225,219,219,214,141,137,0,228,226,228,211,264,245,263,253,262,272,290,279,281,284,266,282,286,274,260,258,371,346,371,364,390,396,519,513,665,650,654,543,567,558,558,547,949,959,1013,1011,1029,985,989,979,848,706,706,706,844,833]} 1. e4 c6 2. d4 d5 3. Nc3 dxe4 4. Nxe4 Bf5 5. Ng3 Bg6 6. h4 h6 7. Nf3 Nd7 8. h5 Bh7 9. Bd3 Bxd3 10. Qxd3 e6 11. Bd2 Ngf6 12. O-O-O Be7 13. Ne4 Nxe4 14. Qxe4 Nf6 15. Qe2 Qd5 16. Kb1 {B19: Caro-Kann (Hauptvariante)} Qe4 17. Qf1 {LiveBook: 3 Partien} O-O 18. Re1 {Die Stellung ist ausgeglichen.} Qh7 {[#]} (18... Qf5 $11) 19. Rg1 $146 ({Vorgänger:} 19. Qg1 c5 20. g4 Ne4 21. Re2 Rfd8 22. Qe1 Nxd2+ 23. Rxd2 cxd4 24. Rxd4 Rxd4 25. Nxd4 {½-½ (51) Malisauskas,V (2525)-Luther,T (2515) Minsk 1994}) 19... c5 20. g4 $1 {[%cal Bg2g4,Bg4g5][%mdl 32]} cxd4 21. g5 $1 {[%cal Rg5g6]} hxg5 22. Nxg5 Qf5 23. Qg2 $1 Nxh5 24. Qh2 (24. Rh1 $1 $16 {[%cal Rh1h5]} g6 25. Rxh5 $1 {[%mdl 512]} gxh5 26. Nxe6+ Qg6 27. Qh1 fxe6 28. Rg1) 24... g6 {[#]} (24... Rac8 $1 $11 25. Qxh5 f6) 25. Re5 $1 $16 {[%cal Re5f5]} Bd6 {[#]} ({Falsch wäre} 25... Qf6 $2 26. Ne4 $18) 26. Qxh5 $1 {[%mdl 512]} gxh5 27. Rxf5 exf5 28. Ne4+ $1 Kh7 29. Nxd6 Rg8 30. Rh1 Rg2 31. Rxh5+ Kg6 32. Rh6+ ({Bloß nicht} 32. Rxf5 $6 Re8 $16) 32... Kg7 33. Nxf5+ Kg8 34. Ne7+ Kg7 35. Nf5+ (35. Rd6 $16) 35... Kg8 $18 36. Rf6 Rg1+ 37. Bc1 Re8 {Weiss muss nun ...Tee1 beachten.} 38. Nxd4 Ree1 {[%csl Gg1][%cal Re1c1]} 39. Nb3 Kg7 40. Rf4 Kg6 41. c3 Rgf1 42. a4 b6 43. f3 Rf2 44. a5 bxa5 45. Nxa5 f5 (45... Ref1 {ist wohl besser.} 46. Ra4 Rxf3) 46. Nb3 Kf6 47. c4 {[%cal Bc3c4,Bc4c5][%mdl 32]} Ke5 48. c5 Kd5 ({Doch nicht} 48... Rxc1+ 49. Nxc1 Rf1 50. c6 $18) 49. Rxf5+ {Weiß steht klar auf Gewinn.} Kc4 50. Ka2 Rc2 51. Rf4+ Kd5 52. Rd4+ Kc6 53. Rd6+ Kc7 54. Bf4 Kc8 55. Rc6+ Kd7 56. Rc7+ Kd8 57. Rxa7 Ree2 58. Bg5+ Kc8 59. Bf6 Rf2 60. Be5 {Precision: Weiß = 84%, Schwarz = 48%.} 1-0

[Event "7th Washington Open 2018"]
[Site "Rockville"]
[Date "2018.08.11"]
[Round "1.4"]
[White "Peng, David Tianjian"]
[Black "Dragun, Kamil"]
[Result "0-1"]
[WhiteElo "2346"]
[BlackElo "2594"]
[Annotator "TA"]
[PlyCount "124"]
[EventDate "2018.08.11"]
[EventType "swiss"]
[EventCountry "USA"]
[SourceTitle "playchess.com"]
[Source "ChessBase"]
[SourceQuality "1"]

{[%evp 20,124,0,0,68,69,81,60,95,88,129,131,120,89,118,114,147,110,119,106,112,85,116,71,58,39,56,47,60,33,42,45,65,43,44,54,81,82,98,85,147,144,284,170,350,336,337,128,125,118,149,122,123,113,122,104,180,183,190,108,168,154,149,112,128,119,95,105,105,89,101,105,101,102,95,0,0,0,98,116,116,121,119,115,111,106,112,91,70,-268,-268,-29989,-29990,-29990,-29991,-29992,-5277,-29992,-29993,-29993,-29989,-29989,-29990,-29990,-29991,-29991,-29992]} 1. e4 c5 2. Nf3 e6 3. d4 cxd4 4. Nxd4 Nc6 5. Nc3 Qc7 6. f4 a6 7. Nxc6 bxc6 8. Bd3 d5 9. O-O Nf6 10. Qe2 Be7 {B46: Sicilian: Taimanov: 5 Nc3 a6} 11. Bd2 {LiveBook: 32 Games} d4 $146 (11... a5 $11) ({Predecessor:} 11... O-O 12. Rae1 Re8 13. Kh1 Bf8 14. e5 Nd7 15. Na4 g6 16. c4 Nc5 17. Nxc5 Bxc5 18. Rc1 {1-0 (44) Sutovsky,E (2673)-Pichot,A (2552) Caleta 2018}) 12. Na4 $14 c5 {White is slightly better.} 13. b3 Bb7 14. Nb2 Nd7 15. Nc4 O-O 16. Rac1 a5 17. a4 $1 Nb8 18. f5 exf5 19. exf5 Bf6 20. Bf4 Qd8 21. Nd6 Bd5 22. Bc4 Bxc4 23. Qxc4 Be7 24. Ne4 {Black must now prevent f6.} Nd7 25. Qb5 Re8 26. Rfe1 Bf8 27. Rcd1 $36 {[%mdl 2048] White fights for an advantage.} Ra7 28. Re2 Qh4 29. Bg3 Qg4 (29... Qd8 $142) 30. Rde1 $16 {[%cal Bd1e1,Be1e2,Be2f2][%mdl 32]} Rc8 (30... Rea8 $16) 31. Nd6 (31. h3 $142 Qh5 32. Nd6) 31... Bxd6 $2 (31... Rca8 {keeps fighting.} 32. Re8 Nf6) 32. Bxd6 $18 h6 33. Qd3 $2 ({Weaker is} 33. Re8+ Rxe8 34. Rxe8+ Kh7 $16) (33. Re7 $18 {and White stays clearly on top.}) 33... Nf6 $16 34. Re5 Qh4 35. R1e2 Rd7 36. Rxc5 Rxc5 37. Bxc5 Qf4 (37... Rd5 $16 38. Be7 Qf4) 38. g3 $1 $18 {[%cal Rg3f4]} Qg4 39. Rf2 ({Better is} 39. Kg2 $18) 39... Qe4 (39... Ne4 $16 {was necessary.}) 40. Rf4 Qe1+ 41. Kg2 Nd5 42. Rxd4 Ne3+ 43. Kf3 Nd5 44. Qd2 Qh1+ 45. Qg2 $1 {[%cal Rg2h1]} (45. Kg4 Nf6+ 46. Kh4 Qf3 $1 $19 {[%mdl 512]}) 45... Qe1 46. Qe2 $1 {[%cal Re2e1]} Qh1+ (46... Qc3+ $2 47. Rd3 $18) 47. Qg2 (47. Kg4 $16 {aiming for Kh4.} Nf6+ 48. Kh4) 47... Qe1 $11 48. Qe2 (48. Rd3 $11) 48... Qh1+ $16 ({Avoid the trap} 48... Qc3+ $2 49. Rd3 $18) 49. Kg4 {Kh3 is the strong threat.} Rc7 50. Rd1 Nf6+ 51. Kh3 Qc6 52. Rd8+ Kh7 53. Bd4 {Hoping for c4.} Ne4 54. Kg4 $2 {[%mdl 8192] [#]} (54. Be3 $14 {stays ahead.}) 54... Re7 $1 $19 {( -> ...Nf6+)} 55. Qd3 $2 {[#]} (55. Qc4 $19 Nf2+ 56. Bxf2 Re4+ 57. Qxe4 Qxe4+ 58. Kh3) 55... Ng5 $1 56. Kh5 Re4 57. g4 Qc7 (57... Rxd4 $142 58. Rxd4 Ne4 59. Qe3 Qxc2 60. g5 Qxh2+ 61. Kg4 Nxg5 62. f6 Qg2+ 63. Kf4 Ne6+ 64. Ke5 Nxd4 65. Qxd4 Qg3+ 66. Ke4 g5 67. Qd2 Qxb3 68. Qxa5 Qc4+ 69. Kf3 Qf4+ 70. Kg2 Qe4+ 71. Kg1 Kg6 72. Qb5 Qe3+ 73. Kf1 Qf3+ 74. Kg1 Qd1+ 75. Kg2 Qc2+ 76. Kf3 h5 77. a5 g4+ 78. Ke3 g3 79. Qe2 Qc5+ 80. Kf3 Qxa5 81. Kxg3 Qg5+ 82. Kh3 h4 83. Kh2 Qg3+ 84. Kh1 Qh3+ 85. Kg1 Qe6 86. Qf3 Qxf6 87. Qa8 Kh5 88. Kg2 Qg5+ 89. Kh1 Qc1+ 90. Kg2 Qc2+ 91. Kf1 f5 92. Qa7 Kg4 93. Qg1+ Kf4 94. Qd4+ Qe4 95. Qd2+ Kg3 96. Qf2+ Kh3 97. Qa7 Qg2+ 98. Ke1 f4 99. Qd7+ Kh2 100. Qd8 h3 101. Qc7 Qg3+ 102. Kd2 f3 103. Qe7 Qg2+ 104. Kc1 f2 105. Qd6+ Kh1 106. Qf6 h2 107. Qf7 f1=Q+ 108. Qxf1+ Qxf1+ 109. Kc2 Qc4+ 110. Kd1 Kg2 111. Ke1 h1=Q+ 112. Kd2 Qhc1#) 58. Bg1 Qf4 {[%csl Ge4][%cal Rf4g4] Black mates.} 59. Qg3 g6+ 60. fxg6+ fxg6+ 61. Kh4 Nf3+ 62. Kh3 Nxg1+ {Precision: White = 58%, Black = 44%.} 0-1

[Event "7th Washington Open 2018"]
[Site "Rockville"]
[Date "2018.08.11"]
[Round "2.1"]
[White "Checa, Nicolas D"]
[Black "Sevian, Samuel"]
[Result "1-0"]
[WhiteElo "2478"]
[BlackElo "2645"]
[Annotator "TA"]
[PlyCount "107"]
[EventDate "2018.08.11"]
[EventType "swiss"]
[EventCountry "USA"]
[SourceTitle "playchess.com"]
[Source "ChessBase"]
[SourceQuality "1"]

{[%evp 25,107,25,19,21,24,0,23,7,11,6,39,0,0,0,0,0,1,0,27,32,50,35,70,52,64,62,107,103,100,100,97,93,104,104,151,131,162,134,145,142,144,129,139,136,162,128,128,128,249,248,246,221,372,344,370,399,399,296,392,383,395,390,353,309,309,307,383,354,608,583,460,448,687,661,29978,29979,29977,29978,29978,29980,29981,29982,29983,29984]} 1. d4 Nf6 2. c4 e6 3. Nf3 d5 4. Nc3 Nbd7 5. cxd5 exd5 6. Bg5 Be7 7. e3 O-O 8. Bd3 c6 9. Qc2 h6 10. Bh4 Re8 11. O-O Nf8 12. Ne5 N6d7 13. Bxe7 Qxe7 14. Nf3 {D36: Damengambit (Abtauschvariante)} Nf6 15. Ne5 $146 ({Vorgänger:} 15. Rfc1 Bg4 16. Ne5 Be6 17. f4 Ng4 18. Qe2 Nxe5 19. fxe5 f6 20. exf6 Qxf6 21. Rf1 Qg5 {½-½ (32) Vekelis,G (2295)-Raijmaekers,C (2227) ICCF email 2010}) 15... c5 16. Rfe1 {Weiß hat minimalen Vorteil.} a6 17. f4 c4 18. Be2 b5 19. Bf3 Bb7 20. a3 Rac8 21. b4 cxb3 22. Qxb3 {[%cal Rc3d5]} Qd6 23. Rac1 Rc7 24. Qb4 $36 {[%mdl 2048] Weiss kämpft um Vorteil.} Qxb4 25. axb4 Rce7 26. Kf2 N8d7 27. Nxd7 Rxd7 28. g4 g5 {[#]} 29. Ne2 $1 Kh7 30. h3 Re6 31. Ng3 Ne8 32. Rc5 Ng7 33. Rec1 Re8 34. f5 Red8 35. Rh1 Ne8 36. h4 Kg8 (36... f6 $16 37. hxg5 fxg5) 37. hxg5 $18 hxg5 38. Rh6 f6 $2 (38... Rd6 {kämpft weiter.} 39. Rh5 f6) 39. Nh5 Rd6 40. Bd1 R8d7 41. Bb3 Re7 42. Rc1 Rh7 43. Rxh7 Kxh7 44. Rh1 {jetzt Sxf6+ und aus.} Kg8 45. e4 $1 {[%cal Be3e4,Be4e5][%mdl 32]} Kf8 46. e5 Rc6 $2 {[#]} (46... Rb6 47. Ng3 Kg7) 47. Nf4 $1 {[%mdl 512]} gxf4 48. Rh8+ Kf7 (48... Ke7 $142 49. Rh7+ Kd8) 49. Rh7+ Ng7 {Und ...Kg8 würde nun gewinnen.} 50. Bxd5+ {Weiß setzt Matt.} Kf8 51. Rh8+ Ke7 52. Bxc6 Bxc6 53. exf6+ Kxf6 54. Rh6+ {Precision: Weiß = 73%, Schwarz = 34%.} 1-0

[Event "7th Washington Open 2018"]
[Site "Rockville"]
[Date "2018.08.11"]
[Round "2.2"]
[White "Baryshpolets, Andrey"]
[Black "Henderson de la Fuente, Lance"]
[Result "1/2-1/2"]
[WhiteElo "2609"]
[BlackElo "2485"]
[Annotator "ChessBase"]
[PlyCount "142"]
[EventDate "2018.08.11"]
[EventType "swiss"]
[EventCountry "USA"]
[SourceTitle "playchess.com"]
[Source "ChessBase"]
[SourceQuality "1"]
[TimeControl "40/5400+30:1200+30"]

1. d4 {[%emt 0:02:28]} Nf6 {[%emt 0:00:00]} 2. c4 {[%emt 0:00:08]} e6 {[%emt 0:00:00]} 3. Nc3 {[%emt 0:00:20]} Bb4 {[%emt 0:00:04]} 4. g3 {[%emt 0:00:13]} d5 {[%emt 0:00:40]} 5. Bg2 {[%emt 0:00:40]} O-O {[%emt 0:00:25]} 6. Nf3 {[%emt 0:00:12]} dxc4 {[%emt 0:00:59]} 7. O-O {[%emt 0:00:16]} Nc6 {[%emt 0:00:21]} 8. Qa4 {[%emt 0:00:29]} Bd7 {[%emt 0:07:48]} 9. Rd1 {[%emt 0:34:08]} Bxc3 {[%emt 0:12:03]} 10. bxc3 {[%emt 0:00:45]} Nxd4 {[%emt 0:00:21]} 11. Qxc4 {[%emt 0:00:29]} Nxf3+ {[%emt 0:01:45]} 12. Bxf3 {[%emt 0:00:20]} Qc8 {[%emt 0:01:24]} 13. Qc5 {[%emt 0:12:52]} Re8 {[%emt 0:09:20]} 14. Bg5 {[%emt 0:09:38]} Nd5 {[%emt 0:01:31]} 15. e4 {[%emt 0:06:25]} Nb6 {[%emt 0:03:39]} 16. e5 {[%emt 0:00:47]} Bc6 {[%emt 0:05:16]} 17. Bxc6 {[%emt 0:02:40]} bxc6 {[%emt 0:00:01]} 18. Qxc6 {[%emt 0:02:16]} h6 {[%emt 0:03:12]} 19. Be3 {[%emt 0:01:15]} Nd5 {[%emt 0:07:29]} 20. Bd4 {[%emt 0:01:02]} a5 {[%emt 0:02:18]} 21. c4 {[%emt 0:04:17]} Nb4 {[%emt 0:02:59]} 22. Qa4 {[%emt 0:05:08]} c5 {[%emt 0:05:03]} 23. Bc3 {[%emt 0:02:59]} Qc6 {[%emt 0:02:40]} 24. Qxc6 {[%emt 0:00:28]} Nxc6 {[%emt 0:00:02]} 25. Rd6 {[%emt 0:02:09]} Rec8 {[%emt 0:00:26]} 26. Rb1 {[%emt 0:01:05]} Nb4 {[%emt 0:03:09]} 27. a3 {[%emt 0:01:45]} Nc2 {[%emt 0:00:48]} 28. Rc1 {[%emt 0:00:25]} Nd4 {[%emt 0:00:48]} 29. Bxd4 {[%emt 0:01:08]} cxd4 {[%emt 0:00:06]} 30. c5 {[%emt 0:01:25]} Kf8 {[%emt 0:02:53]} 31. Rxd4 {[%emt 0:01:14]} Rab8 {[%emt 0:01:53]} 32. a4 {[%emt 0:03:15]} Ke8 {[%emt 0:10:27]} 33. Kf1 {[%emt 0:00:44]} Rc7 {[%emt 0:04:10]} 34. c6 {[%emt 0:02:23]} Rb6 {[%emt 0:02:06]} 35. Rdc4 {[%emt 0:00:07]} Ke7 {[%emt 0:04:08]} 36. Ke2 {[%emt 0:00:21]} f6 {[%emt 0:00:27]} 37. f4 {[%emt 0:01:11]} Kf7 {[%emt 0:05:44]} 38. Ke3 {[%emt 0:00:36]} fxe5 {[%emt 0:01:30]} 39. fxe5 {[%emt 0:00:04]} h5 {[%emt 0:00:27]} 40. Rc5 {[%emt 0:01:16]} Ra6 {[%emt 0:00:58]} 41. Kd4 {[%emt 0:09:08]} Kg6 {[%emt 0:00:32]} 42. h3 {[%emt 0:03:37]} Kf5 {[%emt 0:00:28]} 43. R1c3 {[%emt 0:01:10]} Kg6 {[%emt 0:01:43]} 44. Rb5 {[%emt 0:01:54]} Raxc6 {[%emt 0:02:15]} 45. Rxc6 {[%emt 0:00:11]} Rxc6 {[%emt 0:00:04]} 46. Rxa5 {[%emt 0:00:11]} Rc1 {[%emt 0:01:03]} 47. Rc5 {[%emt 0:01:38]} Ra1 {[%emt 0:00:37]} 48. a5 {[%emt 0:03:37]} Ra3 {[%emt 0:03:15]} 49. Kc4 {[%emt 0:00:28]} Rxg3 {[%emt 0:00:48]} 50. a6 {[%emt 0:00:21]} Ra3 {[%emt 0:00:38]} 51. Kb5 {[%emt 0:00:17]} Rxh3 {[%emt 0:03:04]} 52. Kb6 {[%emt 0:02:56]} Rf3 {[%emt 0:02:30]} 53. a7 {[%emt 0:00:10]} Rf8 {[%emt 0:00:04]} 54. Kb7 {[%emt 0:01:18]} h4 {[%emt 0:01:30]} 55. Rc8 {[%emt 0:00:22]} Rf7+ {[%emt 0:00:01]} 56. Rc7 {[%emt 0:00:07]} Rf8 {[%emt 0:00:08]} 57. Rc4 {[%emt 0:00:39]} Kf5 {[%emt 0:07:23]} 58. Rc8 {[%emt 0:00:13]} Rf7+ {[%emt 0:00:02]} 59. Rc7 {[%emt 0:00:06]} Rf8 {[%emt 0:00:05]} 60. Rc8 {[%emt 0:00:21]} Rf7+ {[%emt 0:00:04]} 61. Rc7 {[%emt 0:00:08]} Rf8 {[%emt 0:00:17]} 62. Rxg7 {[%emt 0:00:11]} Kxe5 {[%emt 0:00:30]} 63. Rg4 {[%emt 0:01:00]} Kd5 {[%emt 0:01:20]} 64. Rxh4 {[%emt 0:01:35]} e5 {[%emt 0:00:07]} 65. Ra4 {[%emt 0:00:35]} e4 {[%emt 0:00:21]} 66. a8=Q {[%emt 0:00:10]} Rxa8 {[%emt 0:00:05]} 67. Rxa8 {[%emt 0:00:04]} e3 {[%emt 0:00:05]} 68. Kb6 {[%emt 0:01:12]} Kd4 {[%emt 0:00:35]} 69. Re8 {[%emt 0:00:29]} Kd3 {[%emt 0:00:11]} 70. Kc5 {[%emt 0:00:06]} e2 {[%emt 0:00:07]} 71. Rxe2 {[%emt 0:00:15]} Kxe2 {[%emt 0:00:05]} 1/2-1/2

[Event "7th Washington Open 2018"]
[Site "Rockville"]
[Date "2018.08.11"]
[Round "2.3"]
[White "Vazquez, Guillermo"]
[Black "Stukopin, Andrey"]
[Result "1/2-1/2"]
[WhiteElo "2443"]
[BlackElo "2598"]
[Annotator "ChessBase"]
[PlyCount "29"]
[EventDate "2018.08.11"]
[EventType "swiss"]
[EventCountry "USA"]
[SourceTitle "playchess.com"]
[Source "ChessBase"]
[SourceQuality "1"]
[TimeControl "40/5400+30:1200+30"]

1. d4 {[%emt 0:00:00]} d5 {[%emt 0:00:00]} 2. c4 {[%emt 0:00:00]} c6 {[%emt 0:00:00]} 3. Nf3 {[%emt 0:01:04]} Nf6 {[%emt 0:00:00]} 4. e3 {[%emt 0:00:33]} e6 {[%emt 0:00:00]} 5. b3 {[%emt 0:01:05]} Ne4 {[%emt 0:00:51]} 6. Bd3 {[%emt 0:01:45]} f5 {[%emt 0:00:17]} 7. O-O {[%emt 0:00:26]} Bd6 {[%emt 0:00:07]} 8. Bb2 {[%emt 0:04:55]} Nd7 {[%emt 0:02:46]} 9. Nbd2 {[%emt 0:03:42]} b6 {[%emt 0:11:56]} 10. cxd5 {[%emt 0:04:17]} cxd5 {[%emt 0:03:16]} 11. Ne5 {[%emt 0:06:57]} O-O {[%emt 0:13:58]} 12. Rc1 {[%emt 0:15:46]} Nxe5 {[%emt 0:03:54]} 13. dxe5 {[%emt 0:01:52]} Bc5 {[%emt 0:04:15]} 14. Nf3 {[%emt 0:08:34]} a5 {[%emt 0:00:19]} 15. Nd4 {[%emt 0:06:33]} 1/2-1/2

[Event "7th Washington Open 2018"]
[Site "Rockville"]
[Date "2018.08.11"]
[Round "2.4"]
[White "Dragun, Kamil"]
[Black "Jacobson, Brandon"]
[Result "1/2-1/2"]
[WhiteElo "2594"]
[BlackElo "2472"]
[Annotator "ChessBase"]
[PlyCount "53"]
[EventDate "2018.08.11"]
[EventType "swiss"]
[EventCountry "USA"]
[SourceTitle "playchess.com"]
[Source "ChessBase"]
[SourceQuality "1"]
[TimeControl "40/5400+30:1200+30"]

1. e4 {[%emt 0:05:02]} c5 {[%emt 0:00:00]} 2. Nf3 {[%emt 0:00:06]} Nc6 {[%emt 0:00:07]} 3. Bb5 {[%emt 0:01:14]} g6 {[%emt 0:00:12]} 4. O-O {[%emt 0:04:05]} Bg7 {[%emt 0:00:11]} 5. Re1 {[%emt 0:00:26]} Nf6 {[%emt 0:00:39]} 6. e5 {[%emt 0:00:50]} Nd5 {[%emt 0:00:15]} 7. Nc3 {[%emt 0:00:37]} Nc7 {[%emt 0:00:17]} 8. Bxc6 {[%emt 0:00:40]} dxc6 {[%emt 0:00:07]} 9. Ne4 {[%emt 0:00:12]} b6 {[%emt 0:00:46]} 10. Nf6+ {[%emt 0:00:27]} Kf8 {[%emt 0:00:10]} 11. Ne4 {[%emt 0:00:07]} Bg4 {[%emt 0:00:16]} 12. d3 {[%emt 0:12:38]} Ne6 {[%emt 0:00:12]} 13. Neg5 {[%emt 0:12:16]} Nxg5 {[%emt 0:15:43]} 14. Bxg5 {[%emt 0:01:06]} Qd5 {[%emt 0:00:05]} 15. Re4 {[%emt 0:00:10]} Bf5 {[%emt 0:00:54]} 16. Re3 {[%emt 0:04:35]} Bg4 {[%emt 0:26:30]} 17. Bf4 {[%emt 0:05:19]} Bxf3 {[%emt 0:00:40]} 18. Qxf3 {[%emt 0:00:07]} Qxf3 {[%emt 0:00:05]} 19. Rxf3 {[%emt 0:00:05]} f5 {[%emt 0:00:05]} 20. exf6 {[%emt 0:12:40]} exf6 {[%emt 0:00:08]} 21. Re1 {[%emt 0:00:16]} Kf7 {[%emt 0:00:43]} 22. Rfe3 {[%emt 0:00:29]} Rhe8 {[%emt 0:00:37]} 23. Rxe8 {[%emt 0:00:33]} Rxe8 {[%emt 0:00:02]} 24. Rxe8 {[%emt 0:00:06]} Kxe8 {[%emt 0:00:03]} 25. a4 {[%emt 0:00:13]} Kd7 {[%emt 0:11:55]} 26. b3 {[%emt 0:00:33]} Bf8 {[%emt 0:01:25]} 27. Kf1 {[%emt 0:00:37]} 1/2-1/2